مكتبة جامعة عجلون الوطنية

فهرس بحث المكتبة

REACHING AGRICULTURAL EXTENSION AUDIENCE / (Record no. 33485)

MARC details
000 -LEADER
fixed length control field 00571nam a22001817a 4500
003 - CONTROL NUMBER IDENTIFIER
control field JO-AjAnu
005 - DATE AND TIME OF LATEST TRANSACTION
control field 20240501112033.0
008 - FIXED-LENGTH DATA ELEMENTS--GENERAL INFORMATION
fixed length control field 240501b jo ||||| |||| 00| 0 ara d
040 ## - CATALOGING SOURCE
Original cataloging agency JO-AjAnu
Language of cataloging eng
Transcribing agency JO-AjAnu
Modifying agency JO-AjAnu
Description conventions rda
041 #0 - LANGUAGE CODE
Language code of text/sound track or separate title eng
Language code of original eng
050 ## - LIBRARY OF CONGRESS CALL NUMBER
Classification number S544
Item number 2021
100 #1 - MAIN ENTRY--PERSONAL NAME
Personal name Bereir.Ahmed
Relator term author
9 (RLIN) 65402
245 #0 - TITLE STATEMENT
Title REACHING AGRICULTURAL EXTENSION AUDIENCE /
Statement of responsibility, etc. Ahmed Bereir
260 ## - PUBLICATION, DISTRIBUTION, ETC.
Place of publication, distribution, etc. Indian :
Name of publisher, distributor, etc. LAP LAMBERT Academic Publishing ,
Date of publication, distribution, etc. 2021
300 ## - PHYSICAL DESCRIPTION
Extent 106 page
650 70 - SUBJECT ADDED ENTRY--TOPICAL TERM
Topical term or geographic name entry element Agricultural guidance
Form subdivision Agricultural guidance
9 (RLIN) 65403
942 ## - ADDED ENTRY ELEMENTS (KOHA)
Source of classification or shelving scheme Library of Congress Classification
Koha item type Books
Suppress in OPAC No
Holdings
Withdrawn status Lost status Source of classification or shelving scheme Damaged status Not for loan Home library Current library Date acquired Total Checkouts Full call number Barcode Date last seen Price effective from Koha item type
    Library of Congress Classification     مكتبة جامعة عجلون الوطنية مكتبة جامعة عجلون الوطنية 01/05/2024   S544 2021 e3690 01/05/2024 01/05/2024 Books
    Library of Congress Classification     مكتبة جامعة عجلون الوطنية مكتبة جامعة عجلون الوطنية 01/05/2024   S544 2021 e3689 01/05/2024 01/05/2024 Books